| 000 | 01067nas a2200337 4500 | ||
|---|---|---|---|
| 001 | BR2011002009 | ||
| 003 | BR-BrBNA | ||
| 005 | 20231205114540.0 | ||
| 007 | ta | ||
| 008 | 230509b bl.|||p| |||| 00| 00por d | ||
| 040 |
_aBR-BrBNA _bpor _cBiblioteca Nacional de Agricultura |
||
| 041 | _a(En) | ||
| 072 | _aQ55; Q04 | ||
| 100 | 1 | _aZanini, S.F. | |
| 100 | 1 | _aVicente, E. | |
| 100 | 1 | _aColnago, G.L. | |
| 100 | 1 | _aPessotti, B.M.S. | |
| 100 | 1 | _aSilva, M.A. | |
| 245 | 1 | _aManipulation of the fatty acids composition of poultry meat and giblets by dietary inclusion of two oil sources and conjugated linoleic acid | |
| 650 | _aFRANGO DE CORTE | ||
| 650 | _aCARNE | ||
| 650 | _aÁCIDO LINOLÉICO | ||
| 650 | _aDIETA | ||
| 650 | _aSUPLEMENTO ALIMENTAR | ||
| 650 | _aCOLZA | ||
| 650 | _aCOMPOSIÇÃO DE ALIMENTO | ||
| 650 | _aSOJA | ||
| 773 | 0 |
_tArquivo Brasileiro de Medicina Veterinária e Zootecnia (Brazil) _xISSN 0102-0935 _g(Dec 2008), v. 60(6) p. 1388-1398 _wBR2011002009 |
|
| 909 |
_a202311 _bLúcia _c55 _dLúcia Elande |
||
| 942 |
_2AGRIS _n0 _cANA |
||
| 999 |
_c209275 _d209275 |
||